MICROSOFT PROJECT PROFESSIONAL 2010 (Record no. 34812)
[ view plain ]
| 000 -LEADER | |
|---|---|
| fixed length control field | 00253nam a2200109Ia 4500 |
| 008 - FIXED-LENGTH DATA ELEMENTS--GENERAL INFORMATION | |
| fixed length control field | 240625s9999 xx 000 0 und d |
| 041 ## - LANGUAGE CODE | |
| Language code of text/sound track or separate title | eng |
| 082 ## - DEWEY DECIMAL CLASSIFICATION NUMBER | |
| Classification number | 005.4 MIC |
| 100 ## - MAIN ENTRY--PERSONAL NAME | |
| Personal name | MICROSOFT |
| 245 ## - TITLE STATEMENT | |
| Title | MICROSOFT PROJECT PROFESSIONAL 2010 |
| 260 ## - PUBLICATION, DISTRIBUTION, ETC. | |
| Date of publication, distribution, etc. | 2010 |
| Withdrawn status | Lost status | Damaged status | Not for loan | Home library | Current library | Shelving location | Date acquired | Full call number | Barcode | Date last seen | Price effective from | Koha item type |
|---|---|---|---|---|---|---|---|---|---|---|---|---|
| IMTN | IMTN | Rack 3-A | 05/31/2011 | 005.4 MIC | CD1838 | 06/25/2024 | 06/25/2024 | CD |